[Event "World School-ch U11 Girls"]
[Site "Rhodes"]
[Date "2023.04.20"]
[Round "7"]
[White "Onipko, Kateryna"]
[Black "Lampou, Marianta"]
[Result "1-0"]
[WhiteElo "1214"]
[BlackElo "1500"]
[PlyCount "149"]
[EventDate "2023.04.14"]
[EventType "swiss"]
[EventRounds "9"]
[EventCountry "GRE"]
[SourceTitle "EXT 2024"]
[Source "ChessBase"]
[SourceDate "2023.10.10"]
[SourceVersion "1"]
[SourceVersionDate "2023.10.10"]
[SourceQuality "1"]

1. e4 e5 2. Nc3 Bc5 3. Nf3 d6 4. Bb5+ Bd7 5. Bc4 Nf6 6. h3 h6 7. d3 Nc6 8. Nd5 Nxd5 9. Bxd5 0-0 10. 0-0 Rb8 11. Bd2 Ne7 12. Bb3 Be6 13. c3 Nc6 14. Bc1 d5 15. Re1 d4 16. Bxe6 fxe6 17. c4 Bb4 18. Bd2 Bd6 19. a3 Ne7 20. b4 b6 21. Qb3 c5 22. Reb1 Nc6 23. Qa4 Qc7 24. bxc5 bxc5 25. Qc2 Rxb1+ 26. Rxb1 Rb8 27. g4 Rf8 28. Qd1 g5 29. Qe2 Qf7 30. Kg2 Qg7 31. Rh1 Be7 32. Rg1 Bf6 33. Rb1 Rb8 34. Qd1 Rxb1 35. Qxb1 Qc7 36. Qb5 Kg7 37. Qxc5 Be7 38. Qb5 Bxa3 39. Ne1 Qb6 40. Qa4 Bc5 41. Nf3 a5 42. Bc1 Bb4 43. Nd2 Bc3 44. Nb3 Bb4 45. Bd2 Bxd2 46. Nxd2 Kf7 47. Nb3 Ke7 48. Qa3+ Qb4 49. Qa2 a4 50. Nc1 Na5 51. Kf3 Nb3 52. Ne2 a3 53. Kg2 Nd2 54. Qc2 Nb3 55. Kg3 Nc5 56. Nc1 Qb2 57. Qd1 a2 58. Nxa2 Qxa2 59. Kf3 Qb3 60. Qa1 Qxd3+ 61. Kg2 Qxe4+ 62. Kg1 Qb7 63. Qa3 Kd6 64. Qa5 Qc7 65. Qb5 d3 66. Qb2 Qb7 67. Qd2 Qb1+ 68. Kg2 Qb7+ 69. Kg1 e4 70. Qe3 e5 71. h4 Qb1+ 72. Kh2 Qd1 73. hxg5 Qxg4 74. gxh6 Qh5+ 75. Kg2 1-0

[Event "World School-ch U11 Girls"]
[Site "Rhodes"]
[Date "2023.04.19"]
[Round "6"]
[White "Lampou, Marianta"]
[Black "Sreekarthika, Velmurugan"]
[Result "1/2-1/2"]
[WhiteElo "1500"]
[BlackElo "1580"]
[PlyCount "103"]
[EventDate "2023.04.14"]
[EventType "swiss"]
[EventRounds "9"]
[EventCountry "GRE"]
[SourceTitle "EXT 2024"]
[Source "ChessBase"]
[SourceDate "2023.10.10"]
[SourceVersion "1"]
[SourceVersionDate "2023.10.10"]
[SourceQuality "1"]

1. d4 d5 2. Nf3 Nf6 3. Bg5 Ne4 4. Bf4 c5 5. e3 Qb6 6. b3 Nc6 7. c3 cxd4 8. Nxd4 Nxd4 9. Qxd4 Qxd4 10. cxd4 Bf5 11. f3 Nf6 12. g4 Bxb1 13. Rxb1 Rc8 14. Bb5+ Nd7 15. Kd2 e6 16. Rbc1 Bb4+ 17. Kd3 Ke7 18. Bxd7 Kxd7 19. e4 dxe4+ 20. fxe4 Ba3 21. Rxc8 Rxc8 22. Rf1 f6 23. Rf2 b5 24. e5 Ke7 25. exf6+ gxf6 26. Bh6 Rg8 27. h3 Bd6 28. Ke4 Bc7 29. Rc2 Bb6 30. Bd2 Rd8 31. Bb4+ Kf7 32. Bc5 Rc8 33. b4 Bd8 34. a4 bxa4 35. Ra2 a5 36. bxa5 Bxa5 37. Rxa4 Bd8 38. Bd6 Rc6 39. Ra7+ Kg6 40. Rd7 Ba5 41. Bf8 Rc7 42. Rxc7 Bxc7 43. Be7 Kf7 44. Bc5 Kg6 45. Be7 Kf7 46. Bb4 Kg6 47. Bd2 Bd6 48. h4 h5 49. g5 Be7 50. gxf6 Bxf6 51. Be1 Bg7 52. Bg3 1/2-1/2